Countries by Bad Drawing - Statistics

General Stats
  • This quiz has been taken 36 times
  • The average score is 5 of 10
Answer Stats
Picture Answer % Correct
Morocco
91%
Chile
89%
Egypt
80%
Equatorial Guinea
63%
Spain
63%
East Timor
34%
Azerbaijan
23%
Nicaragua
20%
Iran
11%
Ireland
11%
No matching quizzes found
Score Distribution
Percent of People with Each Score
Percentile by Number Answered
Your Score History
You have not taken this quiz